2 or more-word countries - Statistics

General Stats
  • This quiz has been taken 35 times
  • The average score is 11 of 11
Answer Stats
word 2nd word(if necessary) 3rd word(if necessary) Answer % Correct
Democratic Republic of the Congo
100%
Burkina Faso
100%
Sierra Leone
100%
South Africa
97%
Guinea Bissau
97%
Ivory Coast
97%
Equatorial Guinea
97%
Central African Republic
97%
South Sudan
97%
Cape Verde
94%
Sao Tome And Principe
91%
No matching quizzes found
Score Distribution
Percent of People with Each Score
Percentile by Number Answered
Your Score History
You have not taken this quiz